Score 0/26 Timer 03:00
0 Plays Today
Hint Answer % Correct
Lawn mower target♦ GRASS ♦
91.5%
Devices for catching animalsTRAPS
89%
Gambling game played with diceCRAPS
87.5%
First place medalsGOLDS
87.3%
Plunges head firstDIVES
85.9%
Bile producer♦ LIVER ♦
85.3%
Romantic partnerLOVER
85.2%
Has in one's graspHOLDS
84.6%
Sweet bee product or sweetheart♦ HONEY ♦
84.5%
StumblesTRIPS
84.4%
ExistsLIVES
84.3%
CrudeCRASS
84.3%
Diploma holdersGRADS
84.2%
Hint Answer % Correct
Possible J flavor in PB&J♦ GRAPE ♦
83.6%
Remain suspended in the airHOVER
81.9%
Thanksgiving turkey need♦ GRAVY ♦
80.9%
ComplaintGRIPE
79.9%
Eggs on, prodsGOADS
79.5%
Cow stomach♦ TRIPE ♦
78.2%
DireGRAVE
76.7%
Stone for sharpening toolsHONER
75%
Opponents of war?DOVES
58.1%
Louis Sachar novelHOLES
57.9%
Hands out or handoutsDOLES
53.5%
Very thin (alternate spelling)BONEY
34.7%
Unidentified aircraft♦ BOGEY ♦
21.1%

Today's Daily Dose

Remove Ads.
Support Sporcle.
Get the best of Sporcle when you Go Orange. This ad-free experience offers more features, more stats, and more fun while also helping to support Sporcle. Thank you for becoming a member.

You're not logged in!

Compare scores with friends on all Sporcle quizzes.
OR
Log In

Show Comments

Extras

Top Quizzes Today


Score Distribution

Your Account Isn't Verified!

In order to create a playlist on Sporcle, you need to verify the email address you used during registration. Go to your Sporcle Settings to finish the process.

Report this User

Report this user for behavior that violates our Community Guidelines.

Details: